Loading...
Eastern Europe in the sixties /
| Other Authors: | |
|---|---|
| Language: | Undetermined |
| Published: |
1963
|
| Subjects: |
| LEADER | 00441nam a2200145Ia 4500 | ||
|---|---|---|---|
| 001 | 6807 | ||
| 008 | 170722s9999 xx 000 0 und d | ||
| 245 | |a Eastern Europe in the sixties / | ||
| 260 | |c 1963 | ||
| 653 | |a Eastern Europe | ||
| 653 | |a Generalia | ||
| 700 | |a Fischer-galati Stephen |e editor. | ||
| 942 | |c GEN | ||
| 999 | |c 25005 |d 25005 | ||
| 952 | |0 0 |1 0 |4 0 |6 Z_59B_N6_K3_G |7 0 |9 29163 |a LIB |b LIB |d 2013-03-25 |o z59B.N6 K3, G |p 92817 |r 2017-08-12 |w 2017-08-12 |y GEN | ||